[Event "zonal 11"]
[Site "Shah Alam MAS"]
[Date "1990.??.??"]
[Round "9"]
[White "Barcenilla, Rogelio"]
[Black "Handoko, Edhi"]
[Result "0-1"]
[WhiteElo "2385"]
[BlackElo "2370"]
[EventDate "1990.02.26"]
[PlyCount "94"]

1.e4 e5 2.Nf3 Nf6 3.d4 Nxe4 4.Bd3 d5 5.Nxe5 Nd7 6.Qe2 Nxe5 7.Bxe4 dxe4 8.
Qxe4 Bd6 9.dxe5 Qe7 10.O-O O-O 11.f4 Bc5+ 12.Kh1 f6 13.Be3 Bxe3 14.Qxe3 
fxe5 15.Nc3 e4 16.Nd5 Qf7 17.Qxe4 Re8 18.Qf3 Bf5 19.Nc3 c6 20.Qf2 Qc4 21.
a3 b5 22.Rfd1 a5 23.Rd4 Qe6 24.Rad1 Bxc2 25.R1d2 Qe1+ 26.Qg1 Bb3 27.h3 b4 
28.Nd1 c5 29.Rd7 c4 30.axb4 axb4 31.Qxe1 Rxe1+ 32.Kh2 Rc8 33.R2d4 Ba4 34.
Rd8+ Rxd8 35.Rxd8+ Kf7 36.Nf2 c3 37.bxc3 bxc3 38.Nd3 c2 39.Rc8 Rd1 40.Nb2 
Bb3 41.Rxc2 Bxc2 42.Nxd1 Bxd1 43.g4 Ke6 44.Kg3 Kd5 45.Kh4 Ke4 46.Kg5 Ba4 
47.f5 Be8 0-1

[Event "zonal 11"]
[Site "Shah Alam MAS"]
[Date "1990.??.??"]
[Round "9"]
[White "West, Guy"]
[Black "Johansen, Darryl"]
[Result "1/2-1/2"]
[WhiteElo "2330"]
[BlackElo "2420"]
[EventDate "1990.02.26"]
[PlyCount "38"]

1.d4 Nf6 2.Nc3 d5 3.Bg5 Nbd7 4.Nf3 g6 5.e3 Bg7 6.Bd3 O-O 7.O-O c6 8.Re1 
Qb6 9.Rb1 e5 10.Bf1 e4 11.Nd2 h6 12.Bh4 Nh7 13.b4 g5 14.Bg3 f5 15.Ne2 Ndf6
16.c4 Be6 17.Be5 Rf7 18.Nc3 Nf8 19.b5 Qd8 1/2-1/2

[Event "zonal 11"]
[Site "Shah Alam MAS"]
[Date "1990.??.??"]
[Round "9"]
[White "Schmidt, Loren"]
[Black "Balinas, Rosendo Carrean"]
[Result "1-0"]
[WhiteElo "2260"]
[BlackElo "2405"]
[EventDate "1990.02.26"]
[PlyCount "131"]

1.d4 Nf6 2.c4 e6 3.Nf3 b6 4.g3 Bb7 5.Bg2 Bb4+ 6.Bd2 a5 7.O-O O-O 8.Nc3 d5 
9.Ne5 Nbd7 10.Bg5 Bxc3 11.bxc3 Qc8 12.Nxd7 Nxd7 13.cxd5 exd5 14.Rc1 Re8 
15.Re1 Nf8 16.Qd2 Qf5 17.c4 Ne6 18.Be3 Rad8 19.Qc2 Qxc2 20.Rxc2 f5 21.h4 
Rd7 22.Rb1 Ba8 23.cxd5 Bxd5 24.Rb5 Red8 25.Bxd5 Rxd5 26.Rxd5 Rxd5 27.f3 b5
28.Bf2 Nxd4 29.Bxd4 Rxd4 30.Rxc7 Ra4 31.Rc2 Kf7 32.Kf2 Ke6 33.Rb2 b4 34.
Rd2 Ra3 35.Ke1 a4 36.Rb2 Kd5 37.Rxb4 Rxa2 38.Rb7 Ra1+ 39.Kd2 a3 40.Rxg7 a2
41.Ra7 Kc4 42.Ke3 h5 43.Kf4 Kb3 44.Rb7+ Kc2 45.Ra7 Kb3 46.Kxf5 Rg1 47.g4 
hxg4 48.fxg4 a1=Q 49.Rxa1 Rxa1 50.g5 Rf1+ 51.Kg6 Kc4 52.h5 Kd5 53.h6 Ke5 
54.Kh7 Rf7+ 55.Kg6 Ra7 56.h7 Ra8 57.Kh6 Kf5 58.g6 Kg4 59.e4 Rc8 60.e5 Re8 
61.Kg7 Kg5 62.Kf7 Rh8 63.e6 Kh6 64.e7 Ra8 65.h8=Q+ Rxh8 66.g7 1-0

[Event "zonal 11"]
[Site "Shah Alam MAS"]
[Date "1990.??.??"]
[Round "10"]
[White "Ye Rongguang"]
[Black "Utut Adianto"]
[Result "1-0"]
[WhiteElo "2490"]
[BlackElo "2525"]
[EventDate "1990.02.26"]
[PlyCount "83"]

1.d4 Nf6 2.Nf3 c5 3.e3 e6 4.c4 d5 5.Nc3 Nc6 6.a3 Ne4 7.Qc2 Nxc3 8.bxc3 Be7
9.Bd3 dxc4 10.Bxc4 O-O 11.O-O Qc7 12.Bd3 h6 13.Bb2 Bd6 14.c4 e5 15.dxc5 
Bxc5 16.Be4 Re8 17.h3 Bf8 18.Bd5 Bd7 19.Rfd1 Rac8 20.Rac1 Be6 21.Qe4 f6 
22.Nh4 Qf7 23.g4 Na5 24.Rd3 Rc5 25.Ng6 b6 26.Bxe6 Qxe6 27.Rd5 Qc6 28.Qd3 
Rxc4 29.Rd1 e4 30.Qb1 Nb7 31.Rd7 a5 32.Qa2 b5 33.a4 Nc5 34.axb5 Qxb5 35.
Rd8 Kf7 36.Nh8+ Ke7 37.R8d4 Nb3 38.Rd5 Nc5 39.R5d4 Nb3 40.Ba3+ Ke6 41.Rd6+
Bxd6 42.Rxd6+ 1-0

[Event "zonal 11"]
[Site "Shah Alam MAS"]
[Date "1990.??.??"]
[Round "10"]
[White "Handoko, Edhi"]
[Black "Rogers, Ian"]
[Result "1/2-1/2"]
[WhiteElo "2370"]
[BlackElo "2515"]
[EventDate "1990.02.26"]
[PlyCount "26"]

1.e4 Nf6 2.e5 Nd5 3.d4 d6 4.c4 Nb6 5.f4 dxe5 6.fxe5 Nc6 7.Be3 Bf5 8.Nf3 e6
9.Nc3 Bg4 10.Qd2 Bb4 11.Be2 Bxf3 12.gxf3 Na5 13.b3 c5 1/2-1/2

[Event "zonal 11"]
[Site "Shah Alam MAS"]
[Date "1990.??.??"]
[Round "10"]
[White "Liew Chee Meng, Jimmy"]
[Black "Wang Zili"]
[Result "1/2-1/2"]
[WhiteElo "2355"]
[BlackElo "2525"]
[EventDate "1990.02.26"]
[PlyCount "139"]

1.e4 c5 2.c3 d5 3.exd5 Qxd5 4.d4 Nc6 5.Nf3 Nf6 6.Na3 Bg4 7.Be2 cxd4 8.Nb5 
O-O-O 9.Nbxd4 e5 10.Nxc6 Qxc6 11.Qc2 Bc5 12.O-O Qe4 13.Qxe4 Nxe4 14.Be3 
Bxe3 15.fxe3 f6 16.Rfd1 Be6 17.Ne1 h6 18.Nd3 Kb8 19.Bf3 Bf5 20.Nb4 Rd2 21.
Bxe4 Rxd1+ 22.Rxd1 Bxe4 23.c4 a5 24.Nd5 Rd8 25.Rc1 Rd6 26.Nc3 Bc6 27.Rc2 
Ka7 28.Kf2 Kb6 29.a3 Kc5 30.b3 f5 31.g3 g5 32.Ke2 f4 33.gxf4 gxf4 34.exf4 
exf4 35.Nd5 Re6+ 36.Kf2 Bxd5 37.b4+ axb4 38.axb4+ Kd4 39.cxd5 Kxd5 40.Kf3 
Rb6 41.Rc5+ Kd4 42.Rf5 Rxb4 43.Rxf4+ Kc3 44.Rf7 h5 45.h4 Rb5 46.Rg7 b6 47.
Rg6 Kb4 48.Ke4 Ka5 49.Rg5 Rc5 50.Kd4 Kb5 51.Kd3 Kb4 52.Rg7 Ka5 53.Rg5 Kb5 
54.Kd4 Kb4 55.Kd3 Kb5 56.Kd4 Kc6 57.Rg6+ Kc7 58.Rg7+ Kc8 59.Rg5 Ra5 60.
Rg8+ Kb7 61.Kc4 Rc5+ 62.Kb4 Rd5 63.Kc4 Rc5+ 64.Kb4 Kc6 65.Rg6+ Kc7 66.Rg7+
Kd6 67.Rg6+ Ke5 68.Rxb6 Rd5 69.Rb5 Rxb5+ 70.Kxb5 1/2-1/2

[Event "zonal 11"]
[Site "Shah Alam MAS"]
[Date "1990.??.??"]
[Round "10"]
[White "Balinas, Rosendo Carrean"]
[Black "Lim, Jeremy"]
[Result "1/2-1/2"]
[WhiteElo "2405"]
[BlackElo "2365"]
[EventDate "1990.02.26"]
[PlyCount "22"]

1.e4 d6 2.d4 Nf6 3.Nd2 g6 4.f4 e5 5.fxe5 dxe5 6.d5 Bg7 7.Be2 O-O 8.Ngf3 c6
9.c4 b5 10.dxc6 bxc4 11.Qa4 Qc7 1/2-1/2

[Event "zonal 11"]
[Site "Shah Alam MAS"]
[Date "1990.??.??"]
[Round "10"]
[White "Schmidt, Loren"]
[Black "Liang Jinrong"]
[Result "1/2-1/2"]
[WhiteElo "2260"]
[BlackElo "2455"]
[EventDate "1990.02.26"]
[PlyCount "112"]

1.d4 Nf6 2.c4 g6 3.Nc3 d5 4.Bg5 Ne4 5.Bh4 Nxc3 6.bxc3 c5 7.cxd5 Qxd5 8.e3 
Bg7 9.Nf3 Nc6 10.Be2 O-O 11.O-O b6 12.Nd2 cxd4 13.cxd4 Bb7 14.Bf3 Qd7 15.
Rc1 Na5 16.Bxb7 Nxb7 17.Nf3 Rac8 18.Qb3 Na5 19.Qb4 e6 20.Qe7 Qxe7 21.Bxe7 
Rfe8 22.Bb4 Nc6 23.Ba3 Bf8 24.Bxf8 Kxf8 25.Rc2 Nb4 26.Rb2 Nd5 27.g3 Rc7 
28.Ng5 Nf6 29.Rd1 Rec8 30.Kg2 Ke7 31.Kf3 Rc2 32.Rd2 Rxd2 33.Rxd2 Rc3 34.
Ne4 Nxe4 35.Kxe4 Kd6 36.Kf4 f6 37.h4 b5 38.Rb2 a6 39.a4 bxa4 40.Rb6+ Rc6 
41.Rb4 a5 42.Rxa4 Ra6 43.g4 h6 44.Ke4 Kc6 45.f4 Kb5 46.Ra1 a4 47.g5 fxg5 
48.fxg5 hxg5 49.hxg5 a3 50.Ke5 Kc4 51.Kf6 Kd3 52.Kxg6 Kxe3 53.Kf7 Kxd4 54.
g6 Kc3 55.g7 Ra7+ 56.Kf6 Rxg7 1/2-1/2

[Event "zonal 11"]
[Site "Shah Alam MAS"]
[Date "1990.??.??"]
[Round "11"]
[White "Rogers, Ian"]
[Black "Torre, Eugenio"]
[Result "1/2-1/2"]
[WhiteElo "2515"]
[BlackElo "2550"]
[EventDate "1990.02.26"]
[PlyCount "45"]

1.e4 e5 2.Nf3 Nc6 3.Bb5 Nf6 4.d3 d6 5.c3 Be7 6.Nbd2 O-O 7.O-O Bg4 8.h3 Bh5
9.Re1 Nd7 10.Nf1 Nc5 11.Ng3 Bxf3 12.Qxf3 Bg5 13.d4 exd4 14.Bxc6 bxc6 15.
cxd4 Ne6 16.Qc3 c5 17.dxc5 Nxc5 18.Bxg5 Qxg5 19.e5 Ne6 20.Rad1 Rad8 21.
exd6 cxd6 22.Ne4 Qg6 23.Nxd6 1/2-1/2

[Event "zonal 11"]
[Site "Shah Alam MAS"]
[Date "1990.??.??"]
[Round "11"]
[White "Handoko, Edhi"]
[Black "Ye Rongguang"]
[Result "0-1"]
[WhiteElo "2370"]
[BlackElo "2490"]
[EventDate "1990.02.26"]
[PlyCount "92"]

1.e4 e5 2.f4 d5 3.exd5 c6 4.d4 exd4 5.Qxd4 Nf6 6.Nc3 cxd5 7.Be3 Nc6 8.Bb5 
Bd7 9.Qd3 a6 10.Bxc6 bxc6 11.Nf3 Bd6 12.O-O O-O 13.Ne5 Be8 14.Rad1 Qc7 15.
Kh1 a5 16.b3 Rb8 17.Nc4 Be7 18.Ne5 Bd6 19.Ne4 Be7 20.Nc5 Rb4 21.Qe2 Bd6 
22.Ned3 Ne4 23.Nxe4 Rxe4 24.Qf2 f6 25.Nc5 Re7 26.Na6 Qd7 27.Bc5 Bh5 28.
Rde1 Rfe8 29.Rxe7 Rxe7 30.Bxd6 Qxd6 31.Re1 Qxf4 32.Qg1 Re5 33.Nc5 Bg6 34.
Nd7 Rxe1 35.Qxe1 Qd6 36.Nb6 Qe5 37.Qxe5 fxe5 38.Nd7 e4 39.Kg1 d4 40.Kf2 
e3+ 41.Ke2 Bxc2 42.Ne5 Be4 43.g3 Kf8 44.Nc4 Bd5 45.Ne5 Ke7 46.Kd3 Kd6 0-1

[Event "zonal 11"]
[Site "Shah Alam MAS"]
[Date "1990.??.??"]
[Round "11"]
[White "Johansen, Darryl"]
[Black "Antonio, Rogelio jr"]
[Result "1-0"]
[WhiteElo "2420"]
[BlackElo "2440"]
[EventDate "1990.02.26"]
[PlyCount "57"]

1.Nf3 Nf6 2.d4 e6 3.g3 c5 4.Bg2 cxd4 5.O-O Qc7 6.Nxd4 a6 7.Bg5 Be7 8.c4 
O-O 9.Nc3 Qxc4 10.e4 d6 11.Rc1 Qb4 12.Nb3 Qb6 13.Na4 Qd8 14.e5 Nd5 15.Rxc8
Qxc8 16.Bxe7 Nxe7 17.exd6 Nd5 18.Bxd5 exd5 19.Nb6 Qc6 20.Nxa8 Qxd6 21.Qc1 
Nd7 22.Qc7 Qe6 23.Nd4 Qh3 24.Nb6 Nf6 25.Re1 h5 26.Qf4 Rd8 27.f3 h4 28.g4 
Kf8 29.Qc7 1-0

[Event "zonal 11"]
[Site "Shah Alam MAS"]
[Date "1990.??.??"]
[Round "11"]
[White "Barcenilla, Rogelio"]
[Black "Ginting, Nasib"]
[Result "1-0"]
[WhiteElo "2385"]
[BlackElo "2400"]
[EventDate "1990.02.26"]
[PlyCount "115"]

1.e4 c5 2.Nf3 d6 3.d4 cxd4 4.Nxd4 Nf6 5.Nc3 e6 6.Be2 a6 7.a4 Nc6 8.O-O Be7
9.Kh1 O-O 10.Be3 Qc7 11.f4 Re8 12.Bf3 Rb8 13.Nb3 b6 14.g4 Bb7 15.g5 Nd7 
16.Bg2 Bf8 17.Bg1 g6 18.Rf3 Nb4 19.Rh3 Bg7 20.Qg4 f5 21.gxf6 Nxf6 22.Qh4 
e5 23.Rf1 Rf8 24.f5 gxf5 25.Rxf5 Bc8 26.Be3 d5 27.Rg3 Bxf5 28.exf5 Qd6 29.
a5 d4 30.Bh6 Rf7 31.Ne4 Nxe4 32.Bxe4 Nd5 33.Nd2 Kh8 34.Bxg7+ Rxg7 35.Rxg7 
Kxg7 36.Nc4 Qd8 37.Qg3+ Kh8 38.Nxe5 Rb7 39.Nc6 Qc7 40.Bxd5 Qxg3 41.hxg3 
bxa5 42.b3 Rd7 43.Bc4 a4 44.bxa4 Rc7 45.Bd5 Rd7 46.Be4 Kg7 47.Kg2 Kf6 48.
Kf3 h5 49.a5 Kg5 50.Nb4 Rc7 51.Nxa6 Rc3+ 52.Bd3 Ra3 53.Nc5 Rxa5 54.Ne6+ 
Kf6 55.Nxd4 Ra1 56.Ne6 Re1 57.Nf4 Kg5 58.Nh3+ 1-0

[Event "zonal 11"]
[Site "Shah Alam MAS"]
[Date "1990.??.??"]
[Round "11"]
[White "Garbett, Paul Anthony"]
[Black "Liew Chee Meng, Jimmy"]
[Result "0-1"]
[WhiteElo "2295"]
[BlackElo "2355"]
[EventDate "1990.02.26"]
[PlyCount "58"]

1.e4 e6 2.d4 d5 3.Nd2 c5 4.exd5 Qxd5 5.Ngf3 cxd4 6.Bc4 Qd6 7.O-O Nf6 8.Nb3
Nc6 9.Nbxd4 Nxd4 10.Nxd4 Bd7 11.b3 O-O-O 12.Bb2 Qc7 13.Qe2 h5 14.Bb5 Ng4 
15.g3 Bc5 16.Rad1 Qb6 17.Qc4 Ne5 18.Bxd7+ Rxd7 19.Qe2 f6 20.Nf3 Rxd1 21.
Rxd1 Bxf2+ 22.Kg2 Ng4 23.Bd4 Bxd4 24.Nxd4 Kb8 25.h3 Ne5 26.h4 Ng4 27.Rd3 
e5 28.Nf5 Qc6+ 29.Kg1 Qc5+ 0-1

[Event "zonal 11"]
[Site "Shah Alam MAS"]
[Date "1990.??.??"]
[Round "11"]
[White "Lim, Jeremy"]
[Black "Carless, David"]
[Result "1-0"]
[WhiteElo "2365"]
[BlackElo "2270"]
[EventDate "1990.02.26"]
[PlyCount "57"]

1.c4 c5 2.Nc3 b6 3.e4 Bb7 4.g3 g6 5.Bg2 Bg7 6.Nge2 h5 7.h3 h4 8.g4 e6 9.d4
cxd4 10.Nxd4 a6 11.Be3 Qc7 12.Rc1 Ne7 13.O-O Nbc6 14.Nxc6 Nxc6 15.Na4 b5 
16.Nc5 Bc8 17.Qe2 Rb8 18.cxb5 axb5 19.f4 d6 20.Nd3 b4 21.e5 d5 22.f5 gxf5 
23.Qc2 Bd7 24.gxf5 Bxe5 25.fxe6 Bh2+ 26.Kh1 fxe6 27.Nf4 Qe5 28.Rce1 d4 29.
Bc1 1-0

[Event "zonal 11"]
[Site "Shah Alam MAS"]
[Date "1990.??.??"]
[Round "11"]
[White "West, Guy"]
[Black "Schmidt, Loren"]
[Result "1-0"]
[WhiteElo "2330"]
[BlackElo "2260"]
[EventDate "1990.02.26"]
[PlyCount "121"]

1.d4 Nf6 2.Nc3 c5 3.Bg5 cxd4 4.Qxd4 Qa5 5.Nf3 Nc6 6.Qh4 Nb4 7.Nd4 Nbd5 8.
Nb3 Qb4 9.Qxb4 Nxb4 10.O-O-O h6 11.Bd2 Nc6 12.e4 d6 13.f3 Be6 14.Kb1 g6 
15.Nb5 Rc8 16.Na5 a6 17.Nxc6 Rxc6 18.Nd4 Rc8 19.Nxe6 fxe6 20.g3 Bg7 21.h4 
Nd7 22.Bh3 Kf7 23.Rde1 Nb6 24.Bc1 Rc6 25.f4 Na4 26.e5 dxe5 27.fxe5 Rhc8 
28.Rhf1+ Kg8 29.Rf4 Nb6 30.b3 Nd5 31.Rf3 b5 32.a3 a5 33.Rd3 Kf7 34.Bb2 b4 
35.Rf1+ Ke8 36.Bxe6 Rxe6 37.Rxd5 bxa3 38.Bxa3 Rxe5 39.Rfd1 Rxd5 40.Rxd5 
Bc3 41.h5 gxh5 42.Rxh5 Rc6 43.Bb2 Be1 44.g4 Rg6 45.Re5 Bd2 46.Re4 Rb6 47.
Ba3 e6 48.Ka2 Kf7 49.c4 Kg6 50.Be7 Bc3 51.Ka3 Kf7 52.Bc5 Rc6 53.Be3 Rd6 
54.Ka4 Rd1 55.c5 Ra1+ 56.Kb5 Ra3 57.Kc4 Bg7 58.c6 Ra2 59.Bc5 Rc2+ 60.Kb5 
Rc3 61.c7 1-0